| 000 | 01310nam0a2200349 4500 | ||
|---|---|---|---|
| 001 | RU\NLR\bibl\540236 | ||
| 005 | 20260406092535.0 | ||
| 010 |
_a5-7809-0055-8 _bв пер. |
||
| 021 |
_aRU _b2004-13678 _9703 |
||
| 035 | _aRSL-KNO-002412992 | ||
| 035 | _a(NLR Aleph) 000532484 | ||
| 090 |
_a1361951 _c1361951 |
||
| 100 | _a20040325d2003 |||y0rusy50 ca | ||
| 101 | 0 | _arus | |
| 102 | _aRU | ||
| 105 | _ay ||||||||| | ||
| 106 | _ar | ||
| 200 | 1 |
_aНенецкая литература _e[Сборник _fСост. В. Огрызко] |
|
| 210 |
_aМ. _cЛит. Россия _d2003 _eЛюберцы (Моск. обл.) : ПИК ВИНИТИ |
||
| 215 |
_a350, [1] с. _d22 |
||
| 225 | 1 | _aБиблиотека писательской артели "Литрос" | |
| 320 | _aБиблиогр.: с. 343-349 | ||
| 606 | 0 |
_aНенецкая советская литература _jСборники _92197903 _3RU\NLR\auth\661320902 |
|
| 686 |
_aШ5(2=Нен)-3я43 _2rubbk |
||
| 686 | _aШ5(2=Нен)я43 | ||
| 702 | 1 |
_4220 _8rus _7ca _aОгрызко _bВ. В. _f1960- _gВячеслав Вячеславович _3RU\NLR\auth\7763718 _946647 |
|
| 801 | 0 |
_aRU _bRuMoRKP _c20040325 _gPSBO |
|
| 801 | 1 |
_aRU _bRuMoRKP _c20040325 |
|
| 801 | 2 |
_aRU _bNLR _c20040715 _gPSBO |
|
| 942 | _cBOOK | ||
| 980 | _aNB | ||